[Event "79th DEN-ch"]
[Site "Aalborg DEN"]
[Date "2000.04.24"]
[Round "9"]
[White "Mortensen, Erling"]
[Black "Hansen, Curt"]
[WhiteElo "2447"]
[BlackElo "2618"]
[Result "0-1"]
[EventDate "2000.04.15"]
[PlyCount "74"]
[EventCategory "11"]
[Source "ChessBase"]
[SourceDate "2000.07.27"]

1. e4 e6 2. d4 d5 3. e5 c5 4. c3 Nc6 5. Nf3 Bd7 6. Be2 Nge7 7. O-O cxd4 8. cxd4
Nf5 9. b3 Be7 10. Bb2 Qb6 11. g4 Nh4 12. Nxh4 Bxh4 13. Na3 f6 14. exf6 Bxf6 15.
Nc2 O-O 16. f4 Be7 17. Ne3 Rf7 18. Kh1 Raf8 19. f5 Bg5 20. fxe6 Bxe6 21. Nf5 g6
22. h4 gxf5 23. hxg5 Qd8 24. Qd2 f4 25. Bf3 Qxg5 26. Rae1 Rf6 27. Rf2 Rh6+ 28.
Kg1 Rff6 29. Rg2 Rh3 30. Qf2 Rfh6 31. Kf1 Bf7 32. Ke2 Re6+ 33. Kd2 Rxe1 34.
Kxe1 Bg6 35. Rh2 Nb4 36. Be2 Re3 37. Kd1 f3 0-1

[Event "79th DEN-ch"]
[Site "Aalborg DEN"]
[Date "2000.04.24"]
[Round "9"]
[White "Nielsen, Peter Heine"]
[Black "Berg, Klaus"]
[WhiteElo "2564"]
[BlackElo "2419"]
[Result "1-0"]
[EventDate "2000.04.15"]
[PlyCount "91"]
[EventCategory "11"]
[Source "ChessBase"]
[SourceDate "2000.07.27"]

1. c4 e5 2. g3 Nc6 3. Bg2 f5 4. Nc3 Nf6 5. d3 Bb4 6. Bd2 O-O 7. e3 Bxc3 8. Bxc3
f4 9. exf4 exf4 10. Ne2 fxg3 11. hxg3 d6 12. Qd2 Ne5 13. O-O-O c6 14. Nf4 Bg4
15. Rde1 Qc7 16. Re3 Rae8 17. Rhe1 Bf5 18. f3 h6 19. b3 g5 20. Ne2 Qh7 21. Bxe5
Rxe5 22. Rxe5 dxe5 23. Nc3 Rd8 24. Bf1 Rd7 25. Rxe5 Bxd3 26. Bh3 g4 27. Bxg4
Nxg4 28. fxg4 Bg6 29. Qf4 Re7 30. Kb2 Rxe5 31. Qxe5 Qd7 32. Ka3 b6 33. c5 b5
34. g5 a5 35. Ne4 Bxe4 36. Qxe4 hxg5 37. Qg6+ Kf8 38. Qh6+ Kf7 39. Qh7+ Ke8 40.
Qg8+ Ke7 41. Qxg5+ Kf7 42. Qf4+ Kg8 43. Kb2 Qd3 44. Qb8+ Kf7 45. Qc7+ Kg8 46.
Qxa5 1-0